Capitales d'Afrique sur une carte - Erreurs éliminatoires - Statistiques

Statistiques générales
  • Ce quiz a été pris 133 fois
  • Le résultat moyen est 18 sur 56
Réponses sur la Carte
Les réponses sont colorées sur une échelle allant du rouge au vert en fonction du pourcentage des utilisateurs qui les ont devinées à leur premier essai. Vous pouvez retrouver ces pourcentages ci-dessous.
 
Statistiques - réponses
Pays Capitale % Correct
Égypte Le Caire
46%
Sénégal Dakar
44%
Maroc Rabat
44%
Côte d'Ivoire Yamoussoukro
43%
Madagascar Antananarivo
41%
Algérie Alger
40%
Mali Bamako
40%
Kenya Nairobi
40%
Sao Tomé-et-Principe Sao Tomé
40%
Djibouti Djibouti
39%
Congo (Dem. Rep.) Kinshasa
39%
Libye Tripoli
39%
Soudan Khartoum
38%
Gabon Libreville
38%
Burkina Faso Ouagadougou
38%
Congo (Rep.) Brazzaville
36%
Somalie Mogadiscio
36%
Tunisie Tunis
36%
Éthiopie Addis-Abeba
35%
Guinée-Bissau Bissau
35%
Angola Luanda
35%
Tchad Ndjamena
35%
Guinée Conakry
34%
République Centrafricaine Bangui
33%
Afrique du Sud Pretoria
33%
Cameroun Yaoundé
33%
Ghana Accra
31%
Rwanda Kigali
31%
Namibie Windhoek
31%
Sierra Leone Freetown
30%
Togo Lomé
30%
Mauritanie Nouakchott
30%
Ouganda Kampala
29%
Afrique du Sud Le Cap
29%
Bénin Porto-Novo | Cotonou
29%
Seychelles Victoria
29%
Botswana Gaborone
28%
Eswatini Mbabane
28%
Maurice Port-Louis
28%
Gambie Banjul
26%
Burundi Gitega
26%
Mozambique Maputo
26%
Comores Moroni
26%
Niger Niamey
26%
Nigeria Abuja
25%
Érythrée Asmara
25%
Tanzanie Dodoma
25%
Zimbabwe Harare
25%
Malawi Lilongwe
25%
Cap-Vert Praia
25%
Zambie Lusaka
24%
Liberia Monrovia
24%
Soudan du Sud Djouba
23%
Afrique du Sud Bloemfontein
20%
Lesotho Maseru
20%
Guinée Équatoriale Ciudad de la Paz
11%
Aucun quiz correspondant
Distribution des résultats
% des personnes avec chaque résultat
Percentile par nombre de réponses
Votre historique - résultats
Vous n’avez pas pris ce quiz